MARC details
| 001 - CONTROL NUMBER |
| control field |
15470957 |
| 003 - CONTROL NUMBER IDENTIFIER |
| control field |
0000 |
| 005 - DATE AND TIME OF LATEST TRANSACTION |
| control field |
20251016145226.0 |
| 008 - FIXED-LENGTH DATA ELEMENTS--GENERAL INFORMATION |
| fixed length control field |
081001s2008 enka b 001 0 eng |
| 010 ## - LIBRARY OF CONGRESS CONTROL NUMBER |
| LC control number |
2008277415 |
| 015 ## - NATIONAL BIBLIOGRAPHY NUMBER |
| Source |
bnb |
| National bibliography number |
GBA801824 |
| 016 7# - NATIONAL BIBLIOGRAPHIC AGENCY CONTROL NUMBER |
| Record control number |
101473956 |
| Source |
DNLM |
| 016 7# - NATIONAL BIBLIOGRAPHIC AGENCY CONTROL NUMBER |
| Record control number |
014479808 |
| Source |
Uk |
| 020 ## - INTERNATIONAL STANDARD BOOK NUMBER |
| International Standard Book Number |
9781009319768 |
| 035 ## - SYSTEM CONTROL NUMBER |
| System control number |
15470957 |
| 035 ## - SYSTEM CONTROL NUMBER |
| System control number |
(OCoLC)187293929 |
| 040 ## - CATALOGING SOURCE |
| Original cataloging agency |
NLM |
| Transcribing agency |
NLM |
| Modifying agency |
UKM |
| -- |
BAKER |
| -- |
BTCTA |
| -- |
YDXCP |
| -- |
BWKUK |
| -- |
DLC |
| Description conventions |
rda |
| 042 ## - AUTHENTICATION CODE |
| Authentication code |
ukblcatcopy |
| -- |
nlmcopyc |
| -- |
lccopycat |
| 050 00 - LIBRARY OF CONGRESS CALL NUMBER |
| Classification number |
RG 732 |
| Item number |
.O2645 2008 |
| 060 00 - NATIONAL LIBRARY OF MEDICINE CALL NUMBER |
| Classification number |
2008 F-656 |
| 060 00 - NATIONAL LIBRARY OF MEDICINE CALL NUMBER |
| Classification number |
WO 450 |
| Item number |
O1405 2008 |
| 082 04 - DEWEY DECIMAL CLASSIFICATION NUMBER |
| Classification number |
617.9682 |
| Edition number |
22 |
| 100 ## - MAIN ENTRY--PERSONAL NAME |
| Relator code |
Gambling, David R |
| 245 00 - TITLE STATEMENT |
| Title |
Obstetric anesthesia and uncommon disorders / |
| Statement of responsibility, etc |
edited by David R. Gambling, M. Joanne Douglas, Robert S.F. McKay. |
| 250 ## - EDITION STATEMENT |
| Edition statement |
2nd ed. |
| 260 ## - PUBLICATION, DISTRIBUTION, ETC. (IMPRINT) |
| Place of publication, distribution, etc |
Cambridge ; |
| -- |
New York : |
| Name of publisher, distributor, etc |
Cambridge University Press, |
| Date of publication, distribution, etc |
2025 |
| 264 ## - PUBLICATION, DISTRIBUTION, ETC. (IMPRINT) |
| Place of publication, distribution, etc |
Cambridge ; |
| Name of publisher, distributor, etc |
New York : |
| Date of publication, distribution, etc |
2025 |
| 300 ## - PHYSICAL DESCRIPTION |
| Extent |
xv, 480 Pages |
| Other physical details |
ill. (some col.) ; |
| Dimensions |
28 cm. |
| 336 ## - CONTENT TYPE |
| Content type term |
text |
| Content type code |
txt |
| Source |
rdacontent |
| 337 ## - MEDIA TYPE |
| Media type term |
unmediated |
| Media type code |
n |
| Source |
rdamedia |
| 338 ## - CARRIER TYPE |
| Carrier type term |
volume |
| Carrier type code |
nc |
| Source |
rdacarrier |
| 500 ## - GENERAL NOTE |
| General note |
Previous ed.: Philadelphia, Pa.: Saunders, 1998. |
| 504 ## - BIBLIOGRAPHY, ETC. NOTE |
| Bibliography, etc |
Includes bibliographical references and index. |
| 650 #0 - SUBJECT ADDED ENTRY--TOPICAL TERM |
| Topical term or geographic name as entry element |
Anesthesia in obstetrics. |
| 650 #0 - SUBJECT ADDED ENTRY--TOPICAL TERM |
| Topical term or geographic name as entry element |
Pregnancy |
| General subdivision |
Complications. |
| 650 12 - SUBJECT ADDED ENTRY--TOPICAL TERM |
| Topical term or geographic name as entry element |
Anesthesia, Obstetrical. |
| 650 22 - SUBJECT ADDED ENTRY--TOPICAL TERM |
| Topical term or geographic name as entry element |
Pregnancy Complications. |
| 700 1# - ADDED ENTRY--PERSONAL NAME |
| Personal name |
Gambling, David R. |
| 700 1# - ADDED ENTRY--PERSONAL NAME |
| Personal name |
Douglas, M. Joanne. |
| 700 1# - ADDED ENTRY--PERSONAL NAME |
| Personal name |
McKay, Robert S. F. |
| 906 ## - LOCAL DATA ELEMENT F, LDF (RLIN) |
| a |
7 |
| b |
cbc |
| c |
copycat |
| d |
2 |
| e |
ncip |
| f |
20 |
| g |
y-gencatlg |
| 942 ## - ADDED ENTRY ELEMENTS (KOHA) |
| Source of classification or shelving scheme |
Library of Congress Classification |
| Koha item type |
Books |